| 000 | 01039cam a2200265 4500 | ||
|---|---|---|---|
| 001 | WS108054 | ||
| 008 | 000000n 000 0 eng u | ||
| 035 | _a(Sirsi) u108054 | ||
| 245 | _aStatements of National Planning Policy | ||
| 520 | _aSearchable list of the government's statements of planning policy including planning policy guidance notes (PPGs), minerals planning guidance (MPGs) and regional planning guidance (RPGs), departmental circulars and parliamentary answers. | ||
| 650 | _aPLANNING POLICY GUIDANCE NOTES | ||
| 650 | _aPPGS | ||
| 650 | _aMINERAL PLANNING GUIDANCE NOTES | ||
| 650 | _aMPGS | ||
| 650 | _aREGIONAL PLANNING GUIDANCE | ||
| 650 | _aRPGS | ||
| 650 | _aGOVERNMENT | ||
| 650 | _aDOE CIRCULARS | ||
| 650 | _aLAW | ||
| 650 | _aPARLIAMENTARY QUESTIONS | ||
| 650 | _aPLANNING LAW | ||
| 690 | _aENVIRONMENTAL AND LAND CONSULTANCY-PLANNING AND DEVELOPMENT | ||
| 856 | 4 | 0 |
_uhttps://www.communities.gov.uk/index.asp?id=1143802 _zView the website free of charge at www.communities.gov.uk... |
| 942 | _n0 | ||
| 999 |
_c119602 _d119602 |
||